000 00645nam a2200217 a 4500
005 20240228064004.0
008 090610s2006 mx r 000 0 spa d
020 _a8496500977 (10 dígitos)
020 _a9788496500976 (13 dígitos)
035 _aUPN01000171144
049 _aI
050 4 _aPZ71
_bK5.7
100 1 _aKirk, David
_935842
245 1 1 _a¡Soy un bicho saltarín! /
_cDavid Kirk.
260 _a[Madrid] :
_bTexto,
_c2006.
300 _a[10] p. :
_bprincipalmente il. col.
440 0 _aMiss Spider
534 _pTítulo original:
_tOh boy, it's bounce!
650 4 _aLibros y lectura para niños
_92290
905 _aInfantil
999 _c143249
_d143249